000 00383nam a2200133Ia 4500
008 231129s1986||||xx |||||||||||||| ||spa||
020 _a958-602-1807
040 _bspa
082 _a591 A598a
245 0 _aLos animales : el mundo de la zoologí­a
260 _c1986
264 _aBogotá Colombia: Cí­rculo de Lectores
942 _2ddc
_cBKS
999 _c19477
_d19477